000 00770nam a22002292 4500
001 0000018405
005 20151217152127.0
008 091026s xx 000 0 eng d
020 _a071399908x :
040 _aKABU
_cKABU
100 1 _aLevitt, Steven D.
_@0000177639
245 1 0 _aFreakonomics :
_ba rogue economist explores the hidden side of everything /
_cSteven D. Levitt and Stephen J. Dubner.
250 _a1st ed.
260 _aLondon :
_bPenguin,
_c2005.
300 _axii, 242 p.
650 0 _aEconomics
_xPsychological aspects.
_@0000150169
650 0 _aEconomics
_xSociological aspects.
_@0000168043
700 1 _aDubner, Stephen J.
_@0000177640
852 1 _9p1350 KES
908 _a091026
950 _@1
999 _c8557
_d8557